<?xml version='1.0' encoding='UTF-8'?>
  <record xmlns="http://www.loc.gov/MARC21/slim">
    <leader>00000ctm a2200000 i 4500</leader>
    <controlfield tag="001">on1078143242</controlfield>
    <controlfield tag="003">OCoLC</controlfield>
    <controlfield tag="005">20240210061653.1</controlfield>
    <controlfield tag="008">181206s1750    ne            000 0 lat d</controlfield>
    <datafield tag="040" ind1=" " ind2=" ">
      <subfield code="a">QGJ</subfield>
      <subfield code="b">eng</subfield>
      <subfield code="e">rda</subfield>
      <subfield code="e">dcrmmss</subfield>
      <subfield code="c">QGJ</subfield>
      <subfield code="d">OCLCQ</subfield>
      <subfield code="d">OCLCO</subfield>
      <subfield code="d">OCLCL</subfield>
    </datafield>
    <datafield tag="035" ind1=" " ind2=" ">
      <subfield code="a">(OCoLC)1078143242</subfield>
    </datafield>
    <datafield tag="041" ind1="0" ind2=" ">
      <subfield code="a">lat</subfield>
      <subfield code="a">grc</subfield>
    </datafield>
    <datafield tag="100" ind1="1" ind2=" ">
      <subfield code="a">Harkenroth, Isebrandus Eilhardus,</subfield>
      <subfield code="d">1693-1770,</subfield>
      <subfield code="e">author</subfield>
      <subfield code="4">aut</subfield>
    </datafield>
    <datafield tag="245" ind1="1" ind2="0">
      <subfield code="a">Isebr. Eil. Harkenrothii Lectiones literariae ad glossas Latino-Graecas Philoxeni,</subfield>
      <subfield code="f">UBU Hs. 922 (Hs 1 C 8-9).</subfield>
    </datafield>
    <datafield tag="246" ind1="3" ind2=" ">
      <subfield code="a">Lectiones literariae ad glossas Latino-Graecas Philoxeni</subfield>
    </datafield>
    <datafield tag="264" ind1=" " ind2="0">
      <subfield code="a">[Netherlands],</subfield>
      <subfield code="c">[approximately 1750].</subfield>
    </datafield>
    <datafield tag="300" ind1=" " ind2=" ">
      <subfield code="a">2 volumes ([16], 274, [6] pages; [4], 256, [4] pages) ;</subfield>
      <subfield code="c">208 x 155 mm</subfield>
    </datafield>
    <datafield tag="336" ind1=" " ind2=" ">
      <subfield code="a">text</subfield>
      <subfield code="b">txt</subfield>
      <subfield code="2">rdacontent</subfield>
    </datafield>
    <datafield tag="337" ind1=" " ind2=" ">
      <subfield code="a">unmediated</subfield>
      <subfield code="b">n</subfield>
      <subfield code="2">rdamedia</subfield>
    </datafield>
    <datafield tag="338" ind1=" " ind2=" ">
      <subfield code="a">volume</subfield>
      <subfield code="b">nc</subfield>
      <subfield code="2">rdacarrier</subfield>
    </datafield>
    <datafield tag="340" ind1=" " ind2=" ">
      <subfield code="a">paper</subfield>
      <subfield code="2">rdamat</subfield>
    </datafield>
    <datafield tag="500" ind1=" " ind2=" ">
      <subfield code="a">Preliminaries: Lexicon Latino-Graecum Vetus, Glossarii nomine inscriptum, quod Philoxeni, servata fideliter veterum codicum scriptura, quamvis depravata, repraesentavit editione sua Henr: Stephanus, ad cuius exemplum expressit Bonav. Vulcanius, notis ad calcem adiectis, quod corrigendum ipsi videbatur, docuit. Lugduni Batavorum, excudente Jo. Patio, An. M.D.C.</subfield>
    </datafield>
    <datafield tag="500" ind1=" " ind2=" ">
      <subfield code="a">Author's name on page 1 of both volumes added by other hand.</subfield>
    </datafield>
    <datafield tag="520" ind1="2" ind2=" ">
      <subfield code="a">Letters A-C of the Lexicon Latino-Graecum Vetus, erroneously attributed to Philoxenus of Alexandria, with notes by Isebrands Eilhardus Harkenroth.</subfield>
    </datafield>
    <datafield tag="524" ind1="8" ind2=" ">
      <subfield code="a">Cite as: Universiteitsbibliotheek Utrecht (Hs 1 C 8-9).</subfield>
    </datafield>
    <datafield tag="563" ind1=" " ind2=" ">
      <subfield code="a">Parchment binding over pasteboards covered with marbled paper.</subfield>
    </datafield>
    <datafield tag="581" ind1=" " ind2=" ">
      <subfield code="a">P.A. Tiele, Catalogus codicum manu scriptorum Bibliothecae Universitatis Rheno-Trajectinae. I. Trajecti ad Rhenum / Hagae Comitis 1887. P. 227.</subfield>
    </datafield>
    <datafield tag="581" ind1=" " ind2=" ">
      <subfield code="a">H. Omont, 'Catalogue des manuscrits grecs des bibliothèques publiques des Pays Bas (Leyde excepté)', in: Centralblatt für Bibliothekswesen 4 (1887), p. 205-211. p. 210 nr. 55-56.</subfield>
    </datafield>
    <datafield tag="600" ind1="0" ind2="0">
      <subfield code="a">Philoxenus,</subfield>
      <subfield code="c">of Alexandria,</subfield>
      <subfield code="d">active 1st century B.C.</subfield>
    </datafield>
    <datafield tag="600" ind1="0" ind2="0">
      <subfield code="a">Pseudo-Philoxenus.</subfield>
    </datafield>
    <datafield tag="650" ind1=" " ind2="0">
      <subfield code="a">Greek language</subfield>
      <subfield code="v">Glossaries, vocabularies, etc.</subfield>
    </datafield>
    <datafield tag="650" ind1=" " ind2="0">
      <subfield code="a">Latin language</subfield>
      <subfield code="v">Glossaries, vocabularies, etc.</subfield>
    </datafield>
    <datafield tag="650" ind1=" " ind2="6">
      <subfield code="a">Grec (Langue)</subfield>
      <subfield code="v">Glossaires, vocabulaires, etc.</subfield>
    </datafield>
    <datafield tag="650" ind1=" " ind2="6">
      <subfield code="a">Latin (Langue)</subfield>
      <subfield code="v">Glossaires, vocabulaires, etc.</subfield>
    </datafield>
    <datafield tag="600" ind1="0" ind2="7">
      <subfield code="a">Pseudo-Philoxenus.</subfield>
      <subfield code="2">fast</subfield>
      <subfield code="0">(OCoLC)fst00303935</subfield>
    </datafield>
    <datafield tag="600" ind1="0" ind2="7">
      <subfield code="a">Philoxenus,</subfield>
      <subfield code="c">of Alexandria,</subfield>
      <subfield code="d">active 1st century B.C.</subfield>
      <subfield code="2">fast</subfield>
      <subfield code="0">(OCoLC)fst01841363</subfield>
    </datafield>
    <datafield tag="650" ind1=" " ind2="7">
      <subfield code="a">Greek language.</subfield>
      <subfield code="2">fast</subfield>
      <subfield code="0">(OCoLC)fst00947178</subfield>
    </datafield>
    <datafield tag="650" ind1=" " ind2="7">
      <subfield code="a">Latin language.</subfield>
      <subfield code="2">fast</subfield>
      <subfield code="0">(OCoLC)fst00993125</subfield>
    </datafield>
    <datafield tag="655" ind1=" " ind2="7">
      <subfield code="a">Glossaries, vocabularies, etc.</subfield>
      <subfield code="2">fast</subfield>
      <subfield code="0">(OCoLC)fst01423786</subfield>
    </datafield>
    <datafield tag="700" ind1="0" ind2=" ">
      <subfield code="a">Philoxenus,</subfield>
      <subfield code="c">of Alexandria,</subfield>
      <subfield code="d">active 1st century B.C.,</subfield>
      <subfield code="e">dubious author.</subfield>
      <subfield code="4">aut</subfield>
      <subfield code="1">https://id.oclc.org/worldcat/entity/E39PCjJGd8kxFbfjBxpD6q3JDq</subfield>
    </datafield>
    <datafield tag="700" ind1="0" ind2=" ">
      <subfield code="a">Pseudo-Philoxenus,</subfield>
      <subfield code="e">author</subfield>
      <subfield code="4">aut</subfield>
    </datafield>
    <datafield tag="710" ind1="2" ind2=" ">
      <subfield code="a">Universiteit Utrecht.</subfield>
      <subfield code="b">Bibliotheek.</subfield>
      <subfield code="k">Manuscript</subfield>
      <subfield code="n">(Hs 1 C 8-9th)</subfield>
    </datafield>
    <datafield tag="758" ind1=" " ind2=" ">
      <subfield code="i">has work:</subfield>
      <subfield code="a">UBU Hs. 922 (Hs 1 C 8-9) Isebr. Eil. Harkenrothii Lectiones literariae ad glossas Latino-Graecas Philoxeni (Text)</subfield>
      <subfield code="1">https://id.oclc.org/worldcat/entity/E39PCGRftDmPJR9RBjTrbBXcfq</subfield>
      <subfield code="4">https://id.oclc.org/worldcat/ontology/hasWork</subfield>
    </datafield>
  </record>